zpět

Detail výsledku týmu

Tipgames Bar, Bruntál

Datum a čas kvízu

26 Celkem bodů Celkový počet nahraných bodů na tomto kvízu bez doplňovacích otázek.
6. Pořadí na kvízu Konečné umístění týmu na tomto kvízu.

Zaznamenané odpovědi

# Otázka Odpověď Body Výsledky
1. Praha plánuje přejmenovat námě... Boris Němcov 0
2. Ve Spojených státech začaly mi... Iowa 0
3. Obvykle se naše aktuální událo... Ivan Král 0
4. Svět mobilních telefonů minulý... Blackberry 0
5. Lodivod české mužské basketbal... Ronen Ginzburg 0
6. Další díl naší cesty kolem svě... Washington, Wisconsin, Wyoming 0.5
7. Tento americký generál a indiá... George Cluster, Sedící býk (Sitting Bull) 0
8. Fakt, že se ve Spojených státe... 1B 2A 3C 4D 1
9. Která řeka "vyřezala" do kraji... A 0
10. Ze Spojených států pochází nep... Katy Perry 0